| 000 | 00843cam a2200241 4500500 | ||
|---|---|---|---|
| 005 | 20260329005819.0 | ||
| 041 | _afre | ||
| 042 | _adc | ||
| 100 | 1 | 0 |
_aTrenta, Arnaud _eauthor |
| 245 | 0 | 0 | _aReconciling work and caring for a dependent relative: Public and contractual support schemes for employed carers |
| 260 | _c2023. | ||
| 500 | _a8 | ||
| 690 | _aaccords d’entreprise | ||
| 690 | _aaction publique | ||
| 690 | _aaidants | ||
| 690 | _aaidants salariés | ||
| 690 | _aconciliation vie professionnelle et aide à un proche | ||
| 690 | _adroit du travail | ||
| 690 | _aemploi | ||
| 690 | _arégulations conventionnelles | ||
| 786 | 0 | _nInformations sociales | o 208 | 4 | 2023-05-03 | p. 70-78 | 0046-9459 | |
| 856 | 4 | 1 | _uhttps://shs.cairn.info/journal-informations-sociales-2022-4-page-70?lang=en&redirect-ssocas=7080 |
| 999 |
_c1846891 _d1846892 |
||